LEADER 01661cam0 22003131 450 001 SOBE00059880 005 20181002101148.0 012 $ac-e- umi, meto lico (3) 1760 (R) 100 $a20180706d1760 |||||ita|0103 ba 101 $aita 102 $aIT 200 1 $aDelle forze dell'intendimento umano, o sia Il Pirronismo confutato, trattato di Lodovico Antonio Muratori bibliotecario del serenissimo signor Duca di Modena, opposto al Libro del preteso Monsig. Huet intorno alla debolezza dell'umano intendimento 205 $aEdizione terza 210 $aIn Napoli$ca spese di Cristofaro Migliaccio, e dal medesimo si vendono nella sua libraria a san Biagio de' librari dirimpetto alla chiesa di s. Liguoro, 1760 215 $a244 p.$d8° 300 $aMarca non controllata (donna seduta, in una mano un'ascia e nell'altra una bilancia) sul frontespizio 300 $aSegnatura: A-P8 Q2 620 $dNapoli$9SOBA00012539 700 1$aMuratori$b, Lodovico Antonio$3A600200047880$4070$0152475 712 02$a*Migliaccio, *Cristoforo$3SOBA00017166$4650 801 0$aIT$bBEM$c20181002$gRICA 850 $aBEM 852 $aBEM$jVII.B$m00209 912 $aSOBE00059880 940 $aM 103 Monografia antica SBN 941 $aM 957 $xPagliara|R$aVII.B$b00016$gNO$cPR$d00209$hPagliaraR$rDono$1tcalvano$2BEM$3BEM$420180706111447.0$520180706111535.0$6tcalvano 996 $aDelle forze dell'intendimento umano, o sia il Pirronismo confutato, trattato di Lodovico Antonio Muratori bibliotecario del serenissimo signor duca di Modena, opposto al libro del preteso Monsig. Huet intorno alla debolezza dell'umano intendimento$91133978 997 $aUNISOB